| 000 | 01647nam a2200421 c 4500 | ||
|---|---|---|---|
| 999 |
_c177909 _d177909 |
||
| 003 | BLK | ||
| 005 | 20250712101149.0 | ||
| 008 | 180411b bul|||||r ||||||| ||bul|| | ||
| 010 | _aKNG00186606000 | ||
| 020 | _a9786191861774 | ||
| 040 | _aBLK | ||
| 041 |
_aBUL _cBUL |
||
| 072 | 7 |
_2bullib _aН85 _xДетска художествена литература Н |
|
| 080 |
_aАнглийска литература _b821.111 _x-93-34 _z821.111-93-34 |
||
| 100 |
_9386662 _aДоналдсън, Джулия _eпърви автор |
||
| 139 |
_aДоналдсън, Джулия _bД 77 |
||
| 245 | 1 | 0 |
_aДетето на Грузулака _cтекст Джулия Доналдсън; ил. Аксел Шефлър; прев. Манол Пейков. |
| 257 | _aGBR | ||
| 260 |
_bЖанет 45 _c2015 _fотпеч. в Китай _aПловдив |
||
| 300 |
_a32 с. _bс цв. ил. _c28 см |
||
| 380 | _aDX | ||
| 500 | _aОриг. загл. The Gruffalo's Child / Julia Donaldson and Axel Scheffler. | ||
| 653 | _aприказки | ||
| 653 | _aлитература за деца | ||
| 653 | _aдетска литература | ||
| 659 | _aН | ||
| 700 | 1 |
_aДоналдсън, Джулия _eтекст _9336407 |
|
| 700 | 1 |
_aШефлър, Аксел _eил. _9143299 |
|
| 700 | 1 |
_aПейков, Манол Костадинов _eпрев. _9382564 |
|
| 852 | _aЦб ІІ 20379 | ||
| 856 | 4 | _qpdf | |
| 856 | 4 | _qpdf | |
| 942 |
_cKNG _n0 _0107 _s1 |
||
| 944 |
_aCR _c19.02.2016 _lРенета Константинова _k30546 |
||
| 944 |
_aED _c04.03.2018 _lф / _kВиолета_Тройчева |
||
| 999 | _d177909 | ||
| 999 | _d177909 | ||